Načítá se...

Methodology of research in social sciences /

Podrobná bibliografie
Hlavní autor: Krishnaswami, O R.
Médium: Printed Book
Vydáno: Bombay : Himalaya publishing house, 1993.
Témata:
LEADER 00491nam a22001337a 4500
082 |a 300.72  |b KRI.M 
100 |a Krishnaswami, O R. 
245 |a Methodology of research in social sciences /  |c O R Krishnaswami. 
260 |a Bombay :  |b Himalaya publishing house,  |c 1993. 
300 |a 528 p. 
650 |a Research methodology 
942 |c BK 
999 |c 299575  |d 299575 
952 |0 0  |1 0  |4 0  |6 300_720000000000000_KRI_M  |7 0  |8 NFIC  |9 319834  |a POL  |b POL  |c GEN  |d 2020-09-24  |l 0  |o 300.72 KRI.M  |p POL15741  |r 2020-09-24  |w 2020-09-24  |y BK